Libération
| Subtitles: | Libération / 2. Édition Libération / Spécial Libération <Paris> Libération weekend |
|---|---|
| Contributors: | |
| Format: | Print Newspaper |
| Language: | French |
| Subito Delivery Service: | Order now. |
| Check availability: | HBZ Gateway |
| WorldCat: | WorldCat |
| Interlibrary Loan: | Für eine Fernleihe wählen Sie bitte zuerst einen Band oder Aufsatz aus. |
| Published: |
Paris
1973-
|
| In: | Year: 1973 |
| Volumes / Articles: | Show volumes/articles. |
| Further subjects: | B
International policy
B Collective security B Economy B Newspapers B France B Internal policy |
MARC
| LEADER | 00000cas a2200000 c 4500 | ||
|---|---|---|---|
| 001 | 129309982 | ||
| 003 | DE-627 | ||
| 005 | 20250613170613.0 | ||
| 007 | tu | ||
| 008 | 931114c19739999fr d| n|a 0 |0fre c | ||
| 016 | 7 | |a 010711600 |2 DE-101 | |
| 016 | 7 | |a 125741-9 |2 DE-600 | |
| 022 | |a 0335-1793 | ||
| 035 | |a (DE-627)129309982 | ||
| 035 | |a (DE-603)047121688 | ||
| 035 | |a (DE-576)014514486 | ||
| 035 | |a (DE-599)ZDB125741-9 | ||
| 035 | |a (OCoLC)1367306497 | ||
| 035 | |a (DE-615)00259081 | ||
| 040 | |a DE-627 |b ger |c DE-627 |e rakwb | ||
| 041 | |a fre | ||
| 044 | |c XA-FR | ||
| 082 | 0 | 4 | |a 050 |q DE-600 |
| 245 | 0 | 0 | |a Libération |
| 246 | 3 | 3 | |a Libération <Paris> |
| 246 | 3 | 3 | |a Libération / 2. Édition |
| 246 | 3 | 3 | |a Libération weekend |
| 246 | 3 | 3 | |a Libération / Spécial |
| 247 | 1 | 0 | |a Libé |f Zitiert. |
| 247 | 1 | 0 | |a Libération week-end |f Hauptsacht. d. Wochenendausg. ab 2013,10058(14./15.Sept.) |
| 264 | 3 | 1 | |a Paris |c 1973- |
| 336 | |a Text |b txt |2 rdacontent | ||
| 337 | |a ohne Hilfsmittel zu benutzen |b n |2 rdamedia | ||
| 337 | |a Mikroform |b h |2 rdamedia | ||
| 338 | |a Band |b nc |2 rdacarrier | ||
| 338 | |a Mikrofilmrolle |b hj |2 rdacarrier | ||
| 362 | 0 | |a 1.1973,22.Mai - 2.1974 = Nr.1-320; 1975 - 1981,23./28.Febr. = Nr. 321-2184; 8.1981,13.Mai - 1994,24./25.Sept. = N.S. Nr. 1-4152; 1994,26.Sept.=Nr. 4153 - | |
| 363 | 0 | 1 | |k 22 |j 5 |a 1 |b 1 |i 1973 |
| 363 | 1 | 0 | |i 1974 |a 2 |b 320 |
| 500 | |a Zeitw. als 2. Édition bez.; ab 2013,10058(14./15.Sept.) Wochenendausg. als Spécial bez | ||
| 500 | |a Verantw. Red. anfangs: Jean-Paul Sartre; später: Serge July | ||
| 515 | |a 2.1974,Juli-Sept. u. 1981,29.Febr.-12.Mai nicht ersch.; teils u. später ohne Jg.-Zählung. - Periodizität: tägl.; Aufl. 1976: 23.000; 1980:35.000; 1983: 11.000; 1994: 170.000; 2001: 207.080; polit. Richtung: links, anfangs: radikal | ||
| 530 | |a Mikrofilm-Ausg.: Paris : ACRPP. - Mikrofilm-Ausg.: Bonn : Mikropress | ||
| 533 | |a Reproduktion |b Bonn |b Paris |c Mikropress |c ACRPP |n Mikrofilm-Ausg.: Paris : ACRPP. - Mikrofilm-Ausg.: Bonn : Mikropress | ||
| 591 | |a C Z!(üa/Z) | ||
| 650 | 0 | 7 | |0 (DE-588)4072885-7 |0 (DE-627)106093932 |0 (DE-576)209188553 |a Internationale Politik |2 gnd |
| 650 | 0 | 7 | |0 (DE-588)4027058-0 |0 (DE-627)106286234 |0 (DE-576)208968997 |a Innenpolitik |2 gnd |
| 650 | 0 | 7 | |0 (DE-588)4164679-4 |0 (DE-627)104330716 |0 (DE-576)209890088 |a Kollektive Sicherheit |2 gnd |
| 650 | 0 | 7 | |0 (DE-588)4066399-1 |0 (DE-627)104346884 |0 (DE-576)209164522 |a Wirtschaft |2 gnd |
| 651 | 7 | |0 (DE-588)4018145-5 |0 (DE-627)106327232 |0 (DE-576)208922857 |a Frankreich |2 gnd | |
| 655 | 7 | |a Zeitung |0 (DE-588)4067510-5 |0 (DE-627)106108832 |0 (DE-576)209170026 |2 gnd-content | |
| 700 | 1 | |e MitwirkendeR |0 (DE-588)11860564X |0 (DE-627)157227243 |0 (DE-576)162862636 |4 ctb |a Sartre, Jean-Paul |d 1905-1980 | |
| 751 | |a Paris |0 (DE-588)4044660-8 |0 (DE-627)106204734 |0 (DE-576)209061790 |4 dbp | ||
| 770 | 0 | 8 | |i Supplement |t The New York Times. International weekly |
| 935 | |a IHoeB | ||
| 935 | |c zt | ||
| 938 | 1 | 0 | |0 (DE-627)1756207941 |0 (DE-615)6605834 |a Internationale Politik |2 fivt |
| 938 | 1 | 0 | |0 (DE-627)1756206821 |0 (DE-615)6605161 |a Innenpolitik |2 fivt |
| 938 | 1 | 0 | |0 (DE-627)1756233098 |0 (DE-615)6601168 |a Internationale Sicherheit |2 fivt |
| 938 | 1 | 0 | |0 (DE-627)1756219532 |0 (DE-615)6600179 |a Wirtschaft |2 fivt |
| 938 | 1 | 0 | |0 (DE-627)1756148325 |0 (DE-615)6603106 |a Frankreich |2 fivt |
| 951 | |a JT | ||
| ACO | |a 1 | ||
| ELC | |b 1 | ||
| ORI | |a SA-MARC-ixtheob001.raw | ||
| REL | |a 1 | ||
| SPR | |a 1 |t IXT |t REL | ||
| STA | 0 | 0 | |a Collective security,Economy,Economy,Economic life,France,France,France,France,France,France,Southern France,Occitania,Northern France,Western France,Northeastern France,Eastern France,Internal policy,Home policy,Domestic policy,International policy,International relations |
| STB | 0 | 0 | |a Politique internationale,Politique intérieure,Sécurité collective,Économie,Économie |
| STC | 0 | 0 | |a Economía,Economía,Política interior,Política internacional,Seguridad colectiva |
| STD | 0 | 0 | |a Economia,Economia,Politica interna,Politica internazionale,Sicurezza collettiva |
| STE | 0 | 0 | |a 内部政策,国际政策,经济 |
| STF | 0 | 0 | |a 內部政策,國際政策,經濟 |
| STG | 0 | 0 | |a Economia,Economia,Política interna,Política internacional,Segurança coletiva |
| STH | 0 | 0 | |a Внутренняя политика,Коллективная безопасность,Международная политика,Экономика (мотив),Экономика |
| STI | 0 | 0 | |a Διεθνής πολιτική,Εσωτερική πολιτική,Οικονομία (μοτίβο),Οικονομία,Συλλογική ασφάλεια |
| SUB | |a REL | ||
| SYE | 0 | 0 | |a Internationale Beziehungen,Politische Beziehungen,Zwischenstaatliche Beziehungen , Gemeinsame Sicherheit , Wirtschaftsleben,Ökonomie |
| SYF | 0 | 0 | |a France , France,La France,République Française,France,Francija,Französische Republik,Empire Français,République Française,France,Royaume Français,Fränkische Republik,Frankreich,Frankreich,Ṣārfat,Repubblica Francese |



